[Event "14th Metropolitan IM"]
[Site "Los Angeles USA"]
[Date "2011.12.10"]
[Round "7"]
[White "Kavutskiy,K"]
[Black "Akopyan,H"]
[Result "1-0"]
[WhiteElo "2303"]
[BlackElo "2233"]

1.d4 Nf6 2.c4 e6 3.g3 d5 4.Nf3 Be7 5.Bg2 O-O 6.O-O dxc4 7.Qc2 a6 8.a4 Bd7
9.Qxc4 Bc6 10.Bg5 Bd5 11.Qd3 c5 12.Nc3 Bc6 13.Rfd1 Qa5 14.Bd2 cxd4 15.Nb5 Qb6
16.Nbxd4 Be4 17.Qe3 Nbd7 18.Bc3 Bc5 19.a5 Qc7 20.Qd2 Rad8 21.Rac1 Qb8 22.b4 Be7
23.Ng5 Bxg2 24.Kxg2 Ne5 25.f4 Nc6 26.Nxc6 bxc6 27.Qc2 g6 28.e4 Qb5 29.h3 Nh5
30.Nf3 Rxd1 31.Rxd1 Bxb4 32.Ba1 Be7 33.Ne5 c5 34.Ng4 Rb8 35.Be5 Rb7 36.Qd2 f6
37.Bc3 Qc4 38.Kf3 Qb3 39.Ne3 Rb8 40.Qd7 Rb7 41.Qe8+ Kg7 42.Rd7 Rxd7 43.Qxd7 Kf7
44.Qd3 Qb7 45.g4 Ng7 46.Kg3 h5 47.Nc4 Qb5 48.Ne5+ fxe5 49.Qxb5 exf4+ 50.Kf3 axb5
51.a6  1-0

[Event "Chin Van Xanddorj GM"]
[Site "Ulaanbaatar MGL"]
[Date "2011.12.10"]
[Round "8"]
[White "Gundavaa,B"]
[Black "Khatanbaatar,B"]
[Result "1-0"]
[WhiteElo "2478"]
[BlackElo "2356"]

1.d4 Nf6 2.c4 e6 3.g3 d5 4.Nf3 Be7 5.Bg2 O-O 6.O-O dxc4 7.Qc2 a6 8.a4 Bd7
9.Qxc4 Bc6 10.Bf4 a5 11.Nc3 Na6 12.Rfd1 Bd6 13.Bg5 h6 14.Bxf6 Qxf6 15.e4 e5
16.Nd5 Qe6 17.Qe2 Rfe8 18.dxe5 Bxe5 19.Nxe5 Qxe5 20.f4 Qe6 21.Qf2 Rad8 22.Rd4 Bxd5
23.Rad1 Nb4 24.exd5 Qd6 25.g4 b6 26.h4 Na6 27.g5 Nc5 28.f5 Re7 29.f6 Re5
30.fxg7 hxg5 31.hxg5 Kxg7 32.Rf4 Rf8 33.Rf1 Qg6 34.Rf6 Qh5 35.g6  1-0

[Event "TCh-CZE Liga1 Vychod"]
[Site "Czech Rep CZE"]
[Date "2011.12.11"]
[Round "5"]
[White "Sabol,M"]
[Black "Malik,J"]
[Result "1-0"]
[WhiteElo "2371"]
[BlackElo "2352"]

1.d4 d5 2.c4 e6 3.Nf3 Nf6 4.g3 Be7 5.Bg2 O-O 6.O-O dxc4 7.Qc2 a6 8.a4 Bd7
9.Nbd2 Bc6 10.Qxc4 a5 11.Ne5 Bxg2 12.Kxg2 Qd5+ 13.Qxd5 Nxd5 14.Nb3 b6 15.e4 Nb4
16.Be3 f6 17.Nc4 N8a6 18.Rfd1 Rfd8 19.Rd2 Rd7 20.Rad1 Rad8 21.Nc1 Kf7 22.Ne2 Bf8
23.Nc3 Be7 24.f4 Bf8 25.g4 g6 26.g5 Bg7 27.gxf6 Bxf6 28.Ne5+ Bxe5 29.fxe5 c6
30.Bg5 Re8 31.Rf1+ Kg7 32.Bf6+ Kg8 33.Nd1 c5 34.Ne3 Rxd4 35.Rxd4 cxd4 36.Ng4 h5
37.Nh6+  1-0

[Event "TCh-CZE Liga1 Vychod"]
[Site "Czech Rep CZE"]
[Date "2011.12.11"]
[Round "5"]
[White "Biolek,R2"]
[Black "Zpevak,P"]
[Result "1/2-1/2"]
[WhiteElo "2464"]
[BlackElo "2392"]

1.d4 Nf6 2.c4 e6 3.g3 d5 4.Bg2 Be7 5.Nf3 O-O 6.O-O dxc4 7.Qc2 a6 8.Qxc4 b5
9.Qc2 Bb7 10.Bf4 Nc6 11.Nbd2 Nxd4 12.Nxd4 Bxg2 13.Kxg2 Qxd4 14.Nf3 Qa7 15.Qxc7 Qxc7
16.Bxc7 Nd5 17.Be5 Rfc8 18.Rac1 f5 19.Nd4 Bf6 20.Nxe6 Kf7 21.Nc7 Nxc7 22.Bxc7 Bxb2
23.Rc2 Ra7 24.Rxb2 Raxc7 25.Rd1  1/2-1/2

[Event "Arab Games Rapid Men"]
[Site "Doha QAT"]
[Date "2011.12.11"]
[Round "1"]
[White "Al Zendani,Z"]
[Black "Omar,Abdulrahman"]
[Result "1-0"]
[WhiteElo "2384"]
[BlackElo "2045"]

1.d4 Nf6 2.c4 e6 3.g3 d5 4.Bg2 Be7 5.Nf3 O-O 6.O-O c5 7.cxd5 Nxd5 8.dxc5 Bxc5
9.a3 Nc6 10.Qc2 Qe7 11.b4 Bb6 12.Bb2 Bd7 13.e4 Nf6 14.e5 Nd5 15.Nbd2 Rac8
16.Qb3 Rfd8 17.Ne4 Be8 18.Rac1 f6 19.exf6 Nxf6 20.Nc5 Bxc5 21.Rxc5 h6 22.Re1 Bf7
23.Qc3 Qd7 24.Rc1 Bh5 25.Ne5 Qd6 26.Nxc6 bxc6 27.b5 Be2 28.bxc6 Rc7 29.Qc2 Bd3
30.Qd2 Qe7 31.Qa5 Ne4 32.Re5 Ng5 33.h4 Nf7 34.Rxe6 Qxe6 35.Qxc7 Qb3 36.Qxd8+  1-0

[Event "Arab Games Rapid Men"]
[Site "Doha QAT"]
[Date "2011.12.11"]
[Round "5"]
[White "Al Zendani,Z"]
[Black "Najjar,A"]
[Result "1-0"]
[WhiteElo "2384"]
[BlackElo "2274"]

1.d4 d5 2.c4 e6 3.g3 Nf6 4.Bg2 Be7 5.Nf3 O-O 6.O-O b6 7.cxd5 exd5 8.Nc3 Bb7
9.Bf4 Bd6 10.Bxd6 Qxd6 11.Rc1 a6 12.e3 Nbd7 13.Nh4 g6 14.Re1 Rfe8 15.Qc2 Rac8
16.Red1 Kg7 17.Nf3 c5 18.dxc5 bxc5 19.Ne2 Ne5 20.Nxe5 Qxe5 21.Nf4 c4 22.Qc3 Qxc3
23.Rxc3 Red8 24.Rd4 h5 25.h4 Kf8 26.Rc2 Ke7 27.Rcd2 Ba8 28.Nxd5+ Nxd5 29.Bxd5 Bxd5
30.Rxd5 Rxd5 31.Rxd5 c3 32.bxc3 Rxc3 33.Ra5 Rc6 34.Kg2 Kf6 35.Kf3 Re6 36.Kf4 Kg7
37.e4 Kf8 38.f3 Kg7 39.g4 hxg4 40.Kxg4 Kf6 41.h5 gxh5+ 42.Rxh5 Kg6 43.Rg5+ Kf6
44.Ra5 Kg6 45.Kf4 Rf6+ 46.Ke3 Rd6 47.f4 Rb6 48.Kf3 Kf6 49.Kg4 Kg6 50.f5+ Kg7
51.e5 Kf8 52.Kg5 Ke7 53.Rc5 Rb7 54.Rc6 Ra7 55.Rh6 a5 56.e6 Ra8 57.Rh7 Rf8
58.Rg7 a4 59.a3 Ke8 60.Kf6 fxe6+ 61.Kxe6 Kd8 62.Ra7 Re8+ 63.Kd6  1-0

[Event "Arab Games Rapid Women"]
[Site "Doha QAT"]
[Date "2011.12.12"]
[Round "6"]
[White "Mona,K"]
[Black "Iman,H"]
[Result "0-1"]
[WhiteElo "2109"]
[BlackElo "2155"]

1.d4 d5 2.c4 e6 3.Nf3 Nf6 4.g3 Be7 5.Bg2 O-O 6.O-O b6 7.b3 Bb7 8.Nc3 c5 9.e3 Nc6
10.Bb2 Rc8 11.Rc1 dxc4 12.bxc4 Na5 13.Nb5 a6 14.Na3 Re8 15.Ne5 Bxg2 16.Kxg2 cxd4
17.exd4 Bxa3 18.Bxa3 Nxc4 19.Bb4 a5 20.Bc3 Qd5+ 21.Qf3 Qxf3+ 22.Nxf3 Nd5
23.Ba1 Nb4 24.a4 Red8 25.Rc3 Nd5 26.Rb3 Nd6 27.Ne5 Rc2 28.Bb2 Ne4 29.Bc1 Rdc8
30.Kf3 f5 31.Be3 Nxe3 32.Rxe3 Nd2+ 33.Kg2 Nxf1 34.Kxf1 Rc1+ 35.Kg2 R1c3 36.Re1 Ra3
37.Rb1 Rxa4 38.Rxb6 Rxd4 39.Rxe6 Re4 40.f4 g6 41.Ra6 a4 42.Kh3 Rc2 43.Ra7 Ree2
44.Kh4 Rxh2+ 45.Kg5 Rb2 46.Nd7 Kf7 47.Nc5+ Ke8 48.Nxa4 Ra2 49.Kf6 Kd8 50.Ra5 Kc7
51.Rc5+ Kd6 52.Rc4 Rhc2 53.Nc3 Ra6 54.Kg7 Rc6 55.Rd4+ Ke6 56.Nb5 Rb6 57.Rb4 Rb7+
58.Nc7+ Rbxc7+ 59.Kh6 Rh2+  0-1

[Event "3rd Balkan GP Individual"]
[Site "Podgorica MNE"]
[Date "2011.12.13"]
[Round "7"]
[White "Blagojevic,Dr"]
[Black "Radulski,J"]
[Result "1/2-1/2"]
[WhiteElo "2514"]
[BlackElo "2565"]

1.d4 d5 2.c4 e6 3.Nf3 Nf6 4.g3 Be7 5.Bg2 O-O 6.O-O Nc6 7.Qc2 Nb4 8.Qb3 c5
9.dxc5 Bxc5 10.Bg5 h6 11.Bxf6 Qxf6 12.Nc3 b6 13.cxd5 Nxd5 14.Ne4 Qe7 15.Rfc1 Ba6
16.Nxc5 bxc5 17.Qa3 Nb4 18.Ne5 Rac8 19.Nc6 Nxc6 20.Qxa6 Nb4 21.Qc4 Rfd8 22.b3 Qf6
23.a3 Nd5 24.Ra2 Nb6 25.Qb5 Qe7 26.Rac2 c4 27.bxc4 Qxa3 28.c5 Nd5 29.c6 Qe7
30.Qa5 Qc7 31.Qa3 Rd6 32.e4 Nb6 33.Qa6 Rb8 34.Qa5 Nd5 35.Qa4 Nb4 36.Rc3 Rd2
37.Rd1 Rxd1+ 38.Qxd1 Rd8 39.Qa4 a5 40.Rc5 Ra8 41.Bf1 Qd6 42.Qb5 Na6 43.Rc3 Nc7
44.Qb7 Qe7 45.Rd3 Rd8 46.Rxd8+ Qxd8 47.e5 f6 48.Qa7 fxe5 49.Qxa5 Qd6 50.Qc3 Kf7
51.Qc2 Ke7 52.Bg2 Kd8 53.Qh7 Ne8 54.Bf3 Qe7 55.Bh5 Nf6 56.Qh8+ Kc7 57.Qa8 Qb4
58.Bg6 e4 59.Qa7+ Kxc6 60.Qxg7 Nd5 61.Be8+ Kd6 62.Qf8+ Ke5 63.Qxb4 Nxb4 64.Kf1 Kd4
65.Ke2 Nd5 66.Bf7 Ke5 67.Be8  1/2-1/2

[Event "Sportaccord WMG Blindfold"]
[Site "Beijing CHN"]
[Date "2011.12.16"]
[Round "6"]
[White "Wang Yue"]
[Black "Nielsen,PH"]
[Result "1-0"]
[WhiteElo "2697"]
[BlackElo "2693"]

1.d4 Nf6 2.c4 e6 3.g3 d5 4.Nf3 Be7 5.Bg2 O-O 6.O-O dxc4 7.Ne5 Nc6 8.Nxc6 bxc6
9.Na3 Bxa3 10.bxa3 Rb8 11.Qa4 Qxd4 12.Be3 Qb2 13.Qxc4 Nd5 14.Bxa7 Ra8 15.Bd4 Qb5
16.Qxb5 cxb5 17.Bc5 Re8 18.Rfc1 c6 19.e4 Nf6 20.f3 Bb7 21.Rd1 Red8 22.Kf2 Rd7
23.Ke3 Rad8 24.Rxd7 Rxd7 25.g4 h6 26.h4 Ne8 27.f4 Nd6 28.Bxd6 Rxd6 29.e5 Rd8
30.Rc1 Ra8 31.Rc3 Kf8 32.Be4 Ke7 33.Bc2 Kd7 34.Kd4 Kc7 35.Kc5 Bc8 36.h5 Bd7
37.g5 Rh8 38.Rh3 Be8 39.Bd1 Bd7 40.Bb3 Be8 41.a4 Bd7 42.a5 Ra8 43.gxh6 gxh6
44.Rg3 Kd8 45.Rg7 Ke7 46.Kb6 c5 47.a6 c4 48.Bc2 Rb8+ 49.Kc7 Rc8+ 50.Kb7 b4
51.a7 b3 52.axb3 cxb3 53.Bg6  1-0

[Event "TCh-ISR 2011-12"]
[Site "Israel ISR"]
[Date "2011.12.16"]
[Round "1.5"]
[White "Mikhalevski,V"]
[Black "Steinberg,N"]
[Result "1/2-1/2"]
[WhiteElo "2549"]
[BlackElo "2290"]

1.d4 Nf6 2.c4 e6 3.Nf3 d5 4.g3 Be7 5.Bg2 O-O 6.Qc2 b6 7.O-O Bb7 8.cxd5 exd5
9.Nc3 Na6 10.Rd1 Re8 11.Ne5 c5 12.dxc5 Bxc5 13.Nd3 Qc8 14.Bf4 d4 15.Bxb7 Qxb7
16.Nb5 Rac8 17.Qa4 Rxe2 18.Re1 Rxe1+ 19.Rxe1 Bf8 20.Nd6 Bxd6 21.Bxd6 Nc5
22.Nxc5 bxc5 23.Bxc5 d3 24.Qd4 Qd5 25.Qxd5 Nxd5 26.Re5 Rd8 27.Re1 Rc8 28.Re5 Rd8
29.Re1 Rc8  1/2-1/2

[Event "XXIII Carlos Torre Magistral"]
[Site "Merida MEX"]
[Date "2011.12.16"]
[Round "1.5"]
[White "Hernandez Carmenates,Hold"]
[Black "Gutierrez Carmona,J"]
[Result "1-0"]
[WhiteElo "2564"]
[BlackElo "2176"]

1.d4 Nf6 2.c4 e6 3.g3 d5 4.Nf3 Be7 5.Bg2 O-O 6.O-O Nbd7 7.Bg5 h6 8.Bxf6 Bxf6
9.Nbd2 c6 10.e4 dxe4 11.Nxe4 e5 12.d5 cxd5 13.Qxd5 Nb6 14.Nxf6+ Qxf6 15.Qxe5 Nxc4
16.Qxf6 gxf6 17.b3 Ne5 18.Nxe5 fxe5 19.Rae1 f6 20.f4 Re8 21.fxe5 fxe5 22.Bd5+ Kh8
23.Rf6 Rb8 24.Rxh6+ Kg7 25.Rh5  1-0

[Event "European Rapid 2011"]
[Site "Warsaw POL"]
[Date "2011.12.17"]
[Round "1"]
[White "Howell,D"]
[Black "Kaska,W"]
[Result "1-0"]
[WhiteElo "2633"]
[BlackElo "1802"]

1.d4 d5 2.c4 e6 3.Nf3 Nf6 4.g3 Be7 5.Bg2 O-O 6.O-O b6 7.cxd5 Nxd5 8.e4 Nf6
9.Nc3 Bb7 10.Ne5 Nbd7 11.Nc4 c5 12.d5 exd5 13.exd5 Qc8 14.Re1 Re8 15.Bf4 Bf8
16.a4 Rxe1+ 17.Qxe1 Qe8 18.Qd2 Nh5 19.Re1 Qd8 20.Bg5 Nhf6 21.Nb5 h6 22.Bf4 Ba6
23.b3 Bxb5 24.axb5 a6 25.d6 Ra7 26.Ra1 a5 27.Bc6 Nh5 28.Be3 Qf6 29.Rd1 Nb8
30.Nxb6 Qd8 31.Bxc5 Nf6 32.Nc4 Rd7 33.Qxa5 Qxa5 34.Nxa5 Ne8 35.Nc4 Rd8 36.Bb6 Nxc6
37.bxc6 Rxd6 38.Nxd6 Nxd6 39.c7 Nc8 40.Rd8 Nxb6 41.Rb8 Nd7 42.c8=Q Nxb8  1-0

[Event "European Rapid 2011"]
[Site "Warsaw POL"]
[Date "2011.12.17"]
[Round "7"]
[White "Akesson,R"]
[Black "Kochetkova,J"]
[Result "1/2-1/2"]
[WhiteElo "2421"]
[BlackElo "2257"]

1.d4 Nf6 2.c4 e6 3.g3 d5 4.Nf3 Be7 5.Bg2 O-O 6.O-O dxc4 7.Qc2 a6 8.a4 Nc6
9.Qxc4 Bd7 10.Bf4 Nd5 11.Bd2 Nf6 12.Nc3 Rc8 13.Rfd1 Nb4 14.Bg5 Nbd5 15.Ne5 c6
16.e4 Nxc3 17.bxc3 h6 18.Be3 b5 19.Qe2 Qc7 20.Nd3 Rfd8 21.h3 Be8 22.Qa2 Nd7
23.c4 Nb6 24.Bf4 Qb7 25.Nb2 Nxa4 26.Nxa4 bxa4 27.Rab1 Qa7 28.c5 Rd7 29.Qxa4 Rcd8
30.Be3 e5 31.d5 Bxc5 32.Bxc5 Qxc5 33.Rdc1 Qe7 34.dxc6 Rc7 35.Rb6 Rdc8 36.Bf1 Qf6
37.Qxa6 Rxc6  1/2-1/2

[Event "European Rapid 2011"]
[Site "Warsaw POL"]
[Date "2011.12.17"]
[Round "8"]
[White "Belov,Vl"]
[Black "Piorun,K"]
[Result "1-0"]
[WhiteElo "2641"]
[BlackElo "2520"]

1.d4 Nf6 2.c4 e6 3.Nf3 d5 4.g3 Be7 5.Bg2 O-O 6.O-O dxc4 7.Qa4 a6 8.Qxc4 b5
9.Qc2 Bb7 10.Bd2 Bd6 11.Rd1 Nbd7 12.Ba5 Qb8 13.b4 Be4 14.Qc1 Qb7 15.Nc3 Bc6
16.Qc2 Nd5 17.Ng5 N7f6 18.Nce4 Nxe4 19.Qxe4 g6 20.Rac1 Rae8 21.Qc2 Bd7 22.Ne4 f5
23.Nc5 Bxc5 24.Qxc5 c6 25.e3 g5 26.Rd2 Rf7 27.Qd6 g4 28.Rdc2 Rc8 29.h3 h5
30.a3 Rg7 31.Qe5 Rg6 32.hxg4 hxg4 33.e4 Ne7 34.d5 cxd5 35.Rxc8+ Bxc8 36.Rc7 Qb8
37.Qd6 Rg7 38.exd5 exd5 39.Qd8+ Kh7 40.Rxe7  1-0

[Event "FIDE Women's World Teams"]
[Site "Mardin TUR"]
[Date "2011.12.22"]
[Round "5"]
[White "Ju Wenjun"]
[Black "Kosintseva,T"]
[Result "1-0"]
[WhiteElo "2543"]
[BlackElo "2526"]

1.d4 Nf6 2.c4 e6 3.g3 d5 4.Bg2 Be7 5.Nf3 O-O 6.O-O dxc4 7.Ne5 Nc6 8.Nxc6 bxc6
9.Na3 Bxa3 10.bxa3 Ba6 11.Qd2 Rb8 12.Qa5 Rb6 13.a4 Qe7 14.Qc3 Rd8 15.Ba3 Qd7
16.Bc5 Nd5 17.Qa5 Bc8 18.Bxb6 cxb6 19.Qd2 b5 20.Qa5 a6 21.axb5 cxb5 22.a4 Bb7
23.Rfb1 Bc6 24.e4 Nc7 25.axb5 Bxb5 26.Rd1 Rc8 27.d5 e5 28.Qc3 Qd6 29.Bh3 Rd8
30.Rf1 Re8 31.Rfc1 Na8 32.Qa3 Qxa3 33.Rxa3 Nb6 34.d6 Rd8 35.Rd1 Na4 36.f4 Nb2
37.Rd5 exf4 38.e5 Nd3 39.e6 fxe6 40.Bxe6+ Kh8 41.Rd4 g5 42.gxf4 Nxf4 43.Bxc4 Bxc4
44.Rxc4 Rxd6 45.Rc7 Rf6 46.Re3 Ng6 47.Re8+ Nf8 48.Ra8 Kg8 49.Kg2 Rf7 50.Raa7 Rxc7
51.Rxc7 Ne6 52.Ra7 Ng7 53.Kf3 h5 54.Ke4 g4 55.Kf4 Ne6+ 56.Kf5 Nd4+ 57.Kg6 Kf8
58.Kxh5 Nf3 59.Kxg4 Nxh2+ 60.Kf4 Nf1 61.Rd7  1-0

[Event "V Stadium Casablanca Open"]
[Site "Zaragoza ESP"]
[Date "2011.12.23"]
[Round "1"]
[White "Gonzalez Perez,A"]
[Black "Colas Perez,P"]
[Result "1-0"]
[WhiteElo "2474"]
[BlackElo "1765"]

1.d4 d5 2.c4 e6 3.Nf3 Nf6 4.g3 Be7 5.Bg2 O-O 6.O-O Nbd7 7.Nc3 c5 8.cxd5 exd5
9.dxc5 Nxc5 10.Bg5 Nce4 11.Nxe4 dxe4 12.Nd2 h6 13.Bxf6 Bxf6 14.Nxe4 Bxb2
15.Rb1 Ba3 16.Qa4 Be7 17.Nc3 Bd7 18.Qd1 Bc6 19.Bxc6 bxc6 20.Rb7 Bc5 21.Qc2 Qc8
22.Rb3 Bb6 23.Rc1 Qa6 24.Ne4 Rac8 25.Nd6 Rc7 26.Rb4 Qa5 27.Rg4 Qe5 28.Nf5 Kh8
29.Rxg7 Rd8 30.Rg4 Re8 31.e3 Re6 32.Rd1 Rb7 33.Rh4 Qc5 34.Qb2+ Qe5 35.Qb1 Rf6
36.Nxh6  1-0

[Event "FIDE Women's World Teams"]
[Site "Mardin TUR"]
[Date "2011.12.25"]
[Round "7"]
[White "Khotenashvili,B"]
[Black "Zhao Xue"]
[Result "0-1"]
[WhiteElo "2497"]
[BlackElo "2541"]

1.d4 Nf6 2.c4 e6 3.Nf3 d5 4.g3 Be7 5.Bg2 O-O 6.O-O dxc4 7.a4 a6 8.Qc2 Bd7
9.Qxc4 Bc6 10.Bf4 Bd6 11.Nc3 Bxf4 12.gxf4 a5 13.Rad1 Na6 14.Ne5 Bxg2 15.Kxg2 Nb4
16.e3 Nfd5 17.Ne4 f6 18.Nf3 Qe8 19.b3 Ra6 20.Rd2 Rc6 21.Qb5 b6 22.Rg1 Qa8
23.Qe2 f5 24.Ng3 Rc3 25.Rb1 g5 26.fxg5 f4 27.e4 fxg3 28.hxg3 Rcxf3 29.Qxf3 Rxf3
30.Kxf3 Qc6 31.exd5 Qxd5+ 32.Ke3 c5 33.f3 Qxg5+ 34.Ke2 Nd5 35.Rd3 Qxg3 36.Kd2 Qf2+
37.Kc1 Nb4  0-1

[Event "FIDE Women's World Teams"]
[Site "Mardin TUR"]
[Date "2011.12.26"]
[Round "8"]
[White "Muzychuk,M"]
[Black "Hou Yifan"]
[Result "1/2-1/2"]
[WhiteElo "2460"]
[BlackElo "2578"]

1.d4 d5 2.c4 e6 3.Nf3 Nf6 4.g3 Be7 5.Bg2 O-O 6.O-O dxc4 7.Qc2 a6 8.Qxc4 b5
9.Qc2 Bb7 10.Bd2 Be4 11.Qc1 Bb7 12.Bf4 Nd5 13.Nc3 Nxf4 14.Qxf4 Nd7 15.Rfd1 Bd6
16.Qh4 Be7 17.Qf4 Bd6 18.Qh4 Be7 19.Qf4 Bd6 20.Qh4 Be7  1/2-1/2

[Event "Zuerich Weihnachtsopen Masters"]
[Site "Zuerich SUI"]
[Date "2011.12.26"]
[Round "1"]
[White "Fridman,D"]
[Black "Aerni,A"]
[Result "1-0"]
[WhiteElo "2661"]
[BlackElo "2174"]

1.Nf3 d5 2.c4 e6 3.g3 Nf6 4.Bg2 Be7 5.d4 O-O 6.Qc2 c6 7.O-O Nbd7 8.Rd1 b6
9.b3 Bb7 10.Nc3 Rc8 11.e4 h6 12.Bf4 Bb4 13.Nd2 Nh5 14.Be3 Nhf6 15.a3 Be7
16.h3 Qc7 17.Bf4 Qd8 18.b4 Ne8 19.Rac1 Nd6 20.exd5 exd5 21.cxd5 cxd5 22.Qa2 Nf5
23.Bxd5 Nxd4 24.Bxb7 Rxc3 25.Nb3 Rxc1 26.Nxc1 Bf6 27.Ne2 Nb8 28.Nxd4 Bxd4
29.Bd5 Qf6 30.Qc4 Bxf2+ 31.Kxf2 g5 32.Rd4 gxf4 33.Rxf4 Qb2+ 34.Kg1 Qa1+ 35.Kg2 Qb2+
36.Rf2 Qg7 37.Qc7 h5 38.h4 Qg6 39.b5 a5 40.Qe7 Kg7 41.Qe5+ Kg8 42.Rf6 Qg7
43.Qf5  1-0

[Event "20th Aschacher Donau"]
[Site "Aschach AUT"]
[Date "2011.12.27"]
[Round "3"]
[White "Schreiner,Pe"]
[Black "Posch,R"]
[Result "1-0"]
[WhiteElo "2371"]
[BlackElo "2167"]

1.d4 Nf6 2.c4 e6 3.g3 d5 4.Nf3 Be7 5.Bg2 O-O 6.O-O Nbd7 7.Qc2 c6 8.Nbd2 Re8
9.Rd1 Bd6 10.e4 dxe4 11.Nxe4 Nxe4 12.Qxe4 Nf6 13.Qc2 Qe7 14.c5 Bc7 15.Re1 h6
16.Bd2 Bd7 17.Ne5 Nd5 18.Rad1 f6 19.Nc4 b5 20.Ne3 Qf7 21.Be4 f5 22.Bg2 f4
23.Ng4 Rf8 24.Be4 Qh5 25.Ne5 Bxe5 26.Bh7+ Kh8 27.Rxe5 Qh3 28.Bd3 fxg3 29.fxg3 Rf2
30.Kxf2 Qxh2+ 31.Kf3 Rf8+ 32.Bf4 Rxf4+ 33.gxf4 Qxf4+ 34.Ke2 Qh2+ 35.Ke1 Qg1+
36.Bf1 Ne3 37.Rxe3 Qxe3+ 38.Qe2  1-0

[Event "North American Open"]
[Site "Las Vegas USA"]
[Date "2011.12.27"]
[Round "2"]
[White "Smail,Benedict A"]
[Black "Arnold,Mar"]
[Result "0-1"]
[WhiteElo "2042"]
[BlackElo "2504"]

1.d4 Nf6 2.c4 e6 3.g3 d5 4.Bg2 Be7 5.Nf3 Nbd7 6.Qc2 c6 7.O-O b5 8.b3 Ba6
9.Nbd2 bxc4 10.bxc4 O-O 11.a4 Rc8 12.Re1 c5 13.cxd5 Nxd5 14.Bb2 cxd4 15.Qe4 d3
16.exd3 N7f6 17.Bxf6 Bxf6 18.d4 Nb4 19.Rec1 Bd3 20.Rxc8 Qxc8 21.Qf4 Qc3 22.Re1 Nd5
23.Qd6 Rd8 24.Qc5 Qxc5 25.dxc5 Nc3 26.Bf1 Bc2 27.Bb5 Rc8 28.Rc1 Bxa4 29.Rxc3 Bxb5
30.Rc1 Bc6 31.Ne1 Bd5 32.Nd3 Kf8 33.Nc4 Be7 34.Ne3 Be4 35.Ne5 f6 36.f3 Ba8
37.Nd3 Bxf3 38.Ra1 Be4 39.Nf4 e5 40.Nfd5 Bxc5 41.Kf1 Bd4 42.Ra4 Rc5 43.Nf4 exf4
44.Rxd4 fxe3 45.Rxe4 Re5 46.Ra4 e2+ 47.Ke1 a5  0-1

[Event "Czech Chess Christmas 2011"]
[Site "Litomysl CZE"]
[Date "2011.12.27"]
[Round "3.8"]
[White "Balacek,T"]
[Black "Pulpan,J"]
[Result "1/2-1/2"]
[WhiteElo "2235"]
[BlackElo "1988"]

1.d4 d5 2.c4 e6 3.Nf3 Nf6 4.g3 Be7 5.Bg2 O-O 6.O-O dxc4 7.Qa4 a6 8.Qxc4 b5
9.Qc2 Bb7 10.Bd2 Nbd7 11.Ba5 Rc8 12.Nbd2 Qe8 13.b4 Bd6 14.Rac1 e5 15.dxe5 Nxe5
16.Nd4 Bxg2 17.Kxg2 g6 18.N4b3 Nd5 19.Nc5 Bxc5 20.Qxc5 c6 21.Qd4 Qe7 22.e4 Nf6
23.f4 Ned7 24.Rfe1 Rfe8 25.e5 Nd5 26.Ne4 Nf8 27.Nd6 Ne6 28.Nxc8 Rxc8 29.Qe4 Ng7
30.Red1 Qe6 31.Rd3 Qg4 32.Kh1 Nh5 33.Qf3 Qh3 34.Kg1 Qe6 35.a3 Ng7 36.g4 Re8
37.h3 Kh8 38.Qf2 Kg8 39.Bb6 h5 40.Rg3 Kh7 41.Bd4 Rd8 42.Rf1 Ne7 43.Bc5 Nd5
44.Bd6 f5 45.g5 Rd7 46.Qc5 Ne8 47.Qxc6 Nxd6 48.exd6 Rxd6 49.Qc1 Qe4 50.Qd2 Re6
51.Rd3 Ne7 52.Rd7 Qc6 53.Qd4 Re2 54.Rf2 Re1+ 55.Rf1 Re2 56.Rf2 Re1+ 57.Rf1 Re2
58.Rf2 Re1+  1/2-1/2

[Event "Hastings Masters 2011-12"]
[Site "Hastings ENG"]
[Date "2011.12.28"]
[Round "1.44"]
[White "Bourached,Anthony"]
[Black "Lasinskas,P"]
[Result "0-1"]
[WhiteElo "1895"]
[BlackElo "2122"]

1.d4 Nf6 2.c4 e6 3.g3 d5 4.Nf3 Be7 5.Bg2 O-O 6.O-O dxc4 7.Qa4 a6 8.Qxc4 b5
9.Qb3 Bb7 10.a4 b4 11.Nbd2 Nc6 12.e3 Na5 13.Qc2 c5 14.dxc5 Rc8 15.Nb3 Be4
16.Rd1 Bxc2 17.Rxd8 Nxb3  0-1

[Event "Caissa New Year IM 2011-12"]
[Site "Kecskemet HUN"]
[Date "2011.12.28"]
[Round "3.3"]
[White "Meszaros,Gyu"]
[Black "Puranik,A"]
[Result "1-0"]
[WhiteElo "2314"]
[BlackElo "1991"]

1.g3 Nf6 2.Bg2 d5 3.c4 e6 4.d4 Be7 5.Nf3 O-O 6.O-O c5 7.cxd5 exd5 8.Nc3 Nc6
9.Bg5 Be6 10.dxc5 Bxc5 11.Bxf6 Qxf6 12.Nxd5 Qxb2 13.Nc7 Rad8 14.Qc1 Qxc1
15.Raxc1 Bb6 16.Nxe6 fxe6 17.Rc4 Rd7 18.Re4 Rd6 19.h4 h6 20.Bh3 Rf6 21.Kg2 Nd4
22.Ne5 Nf5 23.Nc4 Rd4 24.Rxd4 Bxd4 25.e4 b5 26.exf5 bxc4 27.fxe6 Kf8 28.f4 c3
29.Rd1 Be3 30.e7+ Ke8 31.Re1 c2 32.Rxe3 Rd6 33.Rc3 Rd2+ 34.Kf3 Rd3+ 35.Rxd3 c1=Q
36.Re3 Qd1+ 37.Kf2 Qd2+ 38.Re2 Qd4+ 39.Kg2 Qd3 40.Bg4 Qd5+ 41.Bf3 Qd6 42.f5 g6
43.Re6 Qd2+ 44.Kh3  1-0

[Event "10th Nantes Open"]
[Site "Nantes FRA"]
[Date "2011.12.28"]
[Round "4.3"]
[White "Wirig,A"]
[Black "Bruned,Y"]
[Result "1/2-1/2"]
[WhiteElo "2497"]
[BlackElo "2379"]

1.Nf3 Nf6 2.c4 e6 3.g3 d5 4.d4 Be7 5.Bg2 O-O 6.O-O dxc4 7.Qa4 a6 8.Qxc4 b5
9.Qc2 Bb7 10.Bd2 Be4 11.Qc1 Nbd7 12.Ba5 Rc8 13.Nbd2 Ba8 14.a3 Bd6 15.Re1 e5
16.e4 Qe8 17.dxe5 Nxe5 18.Nxe5 Bxe5 19.Nf3 c5 20.Nxe5 Qxe5 21.Bc3 Qe6 22.Qf4 Rfd8
23.Rad1 h6 24.Rxd8+ Rxd8 25.h4 c4 26.Qc7 Rc8 27.Qa7 Re8 28.f3 Nd7 29.Qd4 f6
30.a4 Ne5 31.axb5 axb5 32.Ra1 Bb7 33.Kh2 Kh7 34.Rf1 Qc6 35.Bh3 Qc7 36.Qa7 Ra8
37.Qe3 Rd8 38.Qf4 Qe7  1/2-1/2

[Event "TCh-ISR 2011-12"]
[Site "Israel ISR"]
[Date "2011.12.30"]
[Round "3.4"]
[White "Mikhalevski,A"]
[Black "Kaganskiy,G"]
[Result "0-1"]
[WhiteElo "2438"]
[BlackElo "2339"]

1.d4 Nf6 2.c4 e6 3.Nf3 d5 4.g3 Be7 5.Bg2 c6 6.O-O O-O 7.Qc2 Nbd7 8.b3 b6
9.Rd1 Ba6 10.Nbd2 Rc8 11.e4 c5 12.exd5 exd5 13.Bb2 cxd4 14.Nxd4 b5 15.Nf5 Re8
16.Bxd5 Nxd5 17.Nxg7 Bf6 18.Nxe8 Qxe8 19.Bxf6 N5xf6 20.Re1 Qf8 21.Qf5 Qh6
22.Ne4 bxc4 23.Nxf6+ Nxf6 24.bxc4 Rxc4 25.Rad1 Kg7 26.h4 Bc8 27.Qb5 Rg4 28.Qc5 Bb7
29.Qc7 Bf3 30.Rd3 Be4 31.Ra3 Qg6 32.Rxa7 Bd5 33.Ra6 Rxh4 34.f3 Rh1+ 35.Kxh1 Qh5+
36.Kg1 Qxf3  0-1

[Event "Czech Chess Christmas 2011"]
[Site "Litomysl CZE"]
[Date "2011.12.30"]
[Round "7.2"]
[White "Bulski,K"]
[Black "Zeberski,J"]
[Result "1/2-1/2"]
[WhiteElo "2519"]
[BlackElo "2360"]

1.d4 Nf6 2.c4 e6 3.Nf3 d5 4.g3 Be7 5.Bg2 O-O 6.O-O dxc4 7.Qc2 b5 8.a4 b4
9.Nfd2 c6 10.Nxc4 Qxd4 11.Bf4 Ba6 12.Nbd2 Qc5 13.Rac1 Nbd7 14.Nb3 Qh5 15.Rfe1 Nd5
16.Bf3 Qh3 17.Bg2 Qh5 18.Bf3 Qh3 19.Bg2  1/2-1/2

[Event "XLI Rilton Cup 2011-12"]
[Site "Stockholm SWE"]
[Date "2011.12.30"]
[Round "4"]
[White "Bakre,T"]
[Black "Rozentalis,E"]
[Result "1/2-1/2"]
[WhiteElo "2509"]
[BlackElo "2586"]

1.d4 Nf6 2.c4 e6 3.g3 d5 4.Bg2 Be7 5.Nf3 O-O 6.O-O dxc4 7.Qc2 a6 8.Qxc4 b5
9.Qc2 Bb7 10.Bg5 Nbd7 11.Bxf6 Nxf6 12.Nbd2 Rc8 13.Nb3 Be4 14.Qc3 Nd5 15.Qd2 c5
16.dxc5 Bxc5  1/2-1/2

[Event "XLI Rilton Cup 2011-12"]
[Site "Stockholm SWE"]
[Date "2011.12.30"]
[Round "4"]
[White "Rasmussen,A"]
[Black "Von Bahr,O"]
[Result "0-1"]
[WhiteElo "2541"]
[BlackElo "2284"]

1.d4 Nf6 2.Nf3 e6 3.c4 d5 4.g3 Be7 5.Bg2 O-O 6.O-O dxc4 7.Ne5 c5 8.dxc5 Bxc5
9.Nxc4 Nd5 10.e4 Nb6 11.Na5 Bb4 12.Bd2 Bxa5 13.Bxa5 Nc6 14.Bd2 e5 15.Na3 Bg4
16.Qe1 Qd3 17.f3 Be6 18.Rf2 f5 19.Be3 fxe4 20.Rd2 Qa6 21.fxe4 Rad8 22.Bc5 Rxd2
23.Qxd2 Rd8 24.Qf2 Nd7 25.Be3 Nf6 26.Bg5 Nd4 27.h3 Rf8 28.Qd2 Bxh3 29.Nc2 Ne2+
30.Kh2 Bxg2 31.Kxg2 Nxg3 32.Bxf6 Qxf6 33.Kxg3 Qf3+ 34.Kh2 Qf2+ 35.Qxf2 Rxf2+
36.Kg3 Rxc2 37.Kg4 g6 38.Rd1 Rg2+ 39.Kh4 Rxb2 40.Rd7 h6 41.Kg4 a5 42.Re7 Rxa2
43.Rxe5 a4 44.Rb5 a3 45.Rxb7 Ra1  0-1

[Event "Hastings Masters 2011-12"]
[Site "Hastings ENG"]
[Date "2011.12.31"]
[Round "4.21"]
[White "Kjartansson,G"]
[Black "Almond,R"]
[Result "1-0"]
[WhiteElo "2326"]
[BlackElo "2115"]

1.d4 d5 2.c4 e6 3.Nf3 Nf6 4.g3 Be7 5.Bg2 O-O 6.Qc2 c6 7.O-O Nbd7 8.Nbd2 b6
9.e4 Bb7 10.e5 Ne8 11.cxd5 cxd5 12.Re1 Qc7 13.Qb3 Ba6 14.Nf1 g6 15.Ne3 Ng7
16.Bd2 Rfc8 17.Bb4 Bxb4 18.Qxb4 Nb8 19.Ng4 Ne8 20.Nh6+ Kg7 21.Ng5 Nc6 22.Qd2 Qe7
23.Qf4 Nc7 24.Qh4 Rh8 25.Rac1 Bb7 26.Bh3 Rae8 27.Re3 Nxd4 28.Qxd4 Kxh6 29.Qh4+ Kg7
30.Rf3 h6 31.Rxf7+ Qxf7 32.Nxf7  1-0

[Event "15th Guben Neujahrsopen"]
[Site "Guben GER"]
[Date "2012.01.02"]
[Round "1.5"]
[White "Wichmann,C"]
[Black "Schildt,R"]
[Result "1-0"]
[WhiteElo "2350"]
[BlackElo "2034"]

1.d4 d5 2.c4 e6 3.Nf3 Nf6 4.g3 Be7 5.Bg2 O-O 6.Nbd2 c5 7.O-O cxd4 8.Nxd4 e5
9.N4f3 Nc6 10.cxd5 Nxd5 11.Nc4 e4 12.Nd4 Nxd4 13.Qxd4 Nf6 14.Be3 Qxd4 15.Bxd4 Bg4
16.e3 b6 17.Rfc1 Rac8 18.Ne5 Be6 19.Nc6 Rc7 20.Be5 Rxc6 21.Rxc6 Rd8 22.Rc7 Bf8
23.Rxa7 Rd2 24.Bc3 Rd8 25.Bxf6 gxf6 26.Bxe4 Rd2 27.b3 Bd6 28.Ra8+ Bf8 29.Rb8 f5
30.Bf3 Rd6 31.Rd1  1-0